000 00406cam a2200169ua 4500
020 _c2.00
041 _amal
_h
082 _a954
_bKKP/DE
100 _aPillai, K K .
245 _aDakshina India charitram /
_cK K Pillai.
_hTextual Documents
260 _a :
_bSouthern Languages Book Trust ,
_c1960.
300 _a232 ; .
365 _a2.00
504 _a
942 _cBK
999 _c4642
_d4642